000 00695nam a2200205 a 4500
001 000047511
005 20201002060558.0
008 180614s1999 ag a 000 0 spa d
020 _a9505114621
020 _a9789505114627
040 _aDO-SdBNP
_bspa
_cBNPHU
082 _axxxx
_bV161
100 1 _aValentino, Esteban
_975130
245 1 0 _aTodos los soles mienten /
_cEsteban Valentino ; ilustraciones Edgardo Carosia.
260 _aAvellaneda, Buenos Aires, Argentina :
_bAlfaguara infantil,
_c1999.
300 _a140 p. :
_bil. ;
_c23 cm.
500 _aIncluye datos biografícos del autor en la contraportada.
590 _aInventariado, 2018/ YL
700 1 _aCarosia, Edgardo
_eil
_975131
999 _c46999
_d46999